| 000 | 00557nam a22001817a 4500 | ||
|---|---|---|---|
| 999 |
_c15553 _d15553 |
||
| 003 | MIRAKIL | ||
| 005 | 20240301165222.0 | ||
| 008 | 240301b tu ||||| |||| 00| 0 tur d | ||
| 040 |
_aTR-AnCHP _cTR-AnCHP |
||
| 041 | _atur | ||
| 082 |
_a915.641222 _bY57 2009 |
||
| 090 | _a915.641222 Y57 2009 | ||
| 245 | 1 | 0 |
_aYitik dünün tanıkları / _cyapım yön. : Hasan Konu. |
| 260 |
_aİstanbul: _b[yayl. y], _c2009. |
||
| 300 |
_a303s. ; _c28cm. |
||
| 856 | _zDijital Nüshası için Partimizin Kütüphane Sorumlusu ile iletişime geçiniz. | ||
| 942 |
_2ddc _cBKS |
||